Vývoj svetového obchodu po roku 2005 a svetový obchodný systém diplomová práca

Guardado en:
Detalles Bibliográficos
Autor principal: Cesnak, Martin
Autor Corporativo: Fakulta medzinárodných vzťahov EU. Katedra medzinárodných ekonomických vzťahov a hospodárskej diplomacie
Otros Autores: Csabay, Marek
Formato: Libro
Lenguaje:eslovaco
Publicado: Bratislava 2011
Etiquetas: Agregar Etiqueta
Sin Etiquetas, Sea el primero en etiquetar este registro!

MARC

LEADER 00000nbm a2200000 4500
001 0139949
005 20161109101922.4
041 0 |a slo 
044 |a SK 
245 1 0 |a Vývoj svetového obchodu po roku 2005 a svetový obchodný systém  |b diplomová práca  |c Martin Cesnak ; školiteľ: Marek Csabay 
264 1 |a Bratislava  |c 2011 
300 |a 79 s. 
100 1 |a Cesnak, Martin 
700 1 |a Csabay, Marek 
710 2 |a Fakulta medzinárodných vzťahov EU. Katedra medzinárodných ekonomických vzťahov a hospodárskej diplomacie